[Event "8e Open de Porticcio"]
[Site "?"]
[Date "2023.07.04"]
[Round "3.3"]
[White "Tarhan, Adar"]
[Black "Rakotomaharo, Fy Antenaina"]
[Result "1/2-1/2"]
[BlackElo "2463"]
[WhiteElo "2347"]
[LiveChessVersion "1.4.6"]

1. d4 {[%clk 1:27:01]} Nf6 {[%clk 1:28:28]} 2. c4 {[%clk 1:27:28]} g6
{[%clk 1:28:53]} 3. f3 {[%clk 1:27:53]} d5 {[%clk 1:28:42]} 4. cxd5
{[%clk 1:28:20]} Nxd5 {[%clk 1:29:07]} 5. e4 {[%clk 1:28:47]} Nb6
{[%clk 1:29:31]} 6. Nc3 {[%clk 1:29:09]} Bg7 {[%clk 1:29:54]} 7. Be3
{[%clk 1:29:36]} O-O {[%clk 1:29:57]} 8. Qd2 {[%clk 1:29:37]} Nc6
{[%clk 1:30:15]} 9. O-O-O {[%clk 1:30:02]} Qd6 {[%clk 1:30:33]} 10. Nb5
{[%clk 1:30:26]} Qd7 {[%clk 1:30:38]} 11. Bh6 {[%clk 1:30:51]} a6
{[%clk 1:15:59]} 12. Bxg7 {[%clk 1:31:03]} Kxg7 {[%clk 1:16:22]} 13. Nc3
{[%clk 1:31:22]} e5 {[%clk 1:16:37]} 14. d5 {[%clk 1:30:50]} Nd4 {[%clk 1:16:12]}
15. h4 {[%clk 1:27:57]} f6 {[%clk 1:12:57]} 16. g4 {[%clk 1:27:27]} h6
{[%clk 1:06:00]} 17. Nge2 {[%clk 1:12:47]} c5 {[%clk 1:03:42]} 18. dxc6
{[%clk 1:11:06]} Nxc6 {[%clk 1:02:57]} 19. Qe3 {[%clk 1:10:16]} Qc7
{[%clk 1:03:21]} 20. Kb1 {[%clk 1:05:50]} Be6 {[%clk 0:59:34]} 21. h5
{[%clk 1:02:49]} g5 {[%clk 0:54:15]} 22. Nd5 {[%clk 1:02:40]} Nxd5
{[%clk 0:38:29]} 23. exd5 {[%clk 1:02:51]} Nb4 {[%clk 0:38:52]} 24. Qe4
{[%clk 0:57:37]} Nxd5 {[%clk 0:36:05]} 25. Rxd5 {[%clk 0:58:00]} Bxd5
{[%clk 0:36:32]} 26. Qxd5 {[%clk 0:58:25]} Rfd8 {[%clk 0:36:12]} 27. Qb3
{[%clk 0:58:39]} Rd2 {[%clk 0:33:05]} 28. Nc3 {[%clk 0:52:46]} Rad8
{[%clk 0:33:30]} 29. Bc4 {[%clk 0:51:24]} b5 {[%clk 0:32:13]} 30. Be6
{[%clk 0:50:17]} R8d3 {[%clk 0:23:07]} 31. Bf5 {[%clk 0:44:24]} Rxf3
{[%clk 0:23:26]} 32. Rd1 {[%clk 0:43:33]} Rd4 {[%clk 0:18:35]} 33. Nxb5 Rxb3
{[%clk 0:14:52]} 34. Nxc7 {[%clk 0:39:27]} Rxd1+ {[%clk 0:15:02]} 35. Kc2
{[%clk 0:39:55]} Rb7 {[%clk 0:10:37]} 36. Ne6+ {[%clk 0:39:50]} Kf7
{[%clk 0:11:02]} 37. Kxd1 {[%clk 0:40:14]} Rxb2 {[%clk 0:11:19]} 38. Nc5
{[%clk 0:40:03]} Ke7 {[%clk 0:11:27]} 39. Nxa6 {[%clk 0:39:22]} Rxa2
{[%clk 0:11:49]} 40. Nb4 {[%clk 0:39:47]} Ra1+ {[%clk 0:06:39]} 41. Ke2
{[%clk 0:39:49]} Kd6 {[%clk 0:06:59]} 42. Nc2 {[%clk 0:39:55]} Ra4
{[%clk 0:06:11]} 43. Ne3 {[%clk 0:39:42]} e4 {[%clk 0:06:05]} 44. Bg6
{[%clk 0:37:40]} Ra2+ {[%clk 0:06:11]} 45. Kd1 {[%clk 0:37:05]} Ke5
{[%clk 0:05:32]} 46. Nf5 {[%clk 0:37:20]} Kf4 {[%clk 0:04:47]} 47. Nxh6
{[%clk 0:37:35]} Rh2 {[%clk 0:03:31]} 48. Ng8 {[%clk 0:35:58]} e3
{[%clk 0:02:30]} 49. Nxf6 {[%clk 0:36:23]} Kf3 {[%clk 0:02:53]} 50. Be4+
{[%clk 0:36:47]} Kf2 {[%clk 0:03:18]} 51. Bd3 {[%clk 0:37:11]} Rh1+
{[%clk 0:01:50]} 52. Kc2 {[%clk 0:37:37]} e2 {[%clk 0:02:12]} 53. Bxe2
{[%clk 0:37:33]} Kxe2 {[%clk 0:02:38]} 54. Ne4 {[%clk 0:38:01]} Kf3
{[%clk 0:02:58]} 55. Nxg5+ {[%clk 0:38:26]} Kxg4 {[%clk 0:03:25]} 56. Ne4
{[%clk 0:38:49]} Rh2+ {[%clk 0:03:50]} 57. Kd3 {[%clk 0:39:10]} Kxh5
{[%clk 0:04:18]} 58. Kd4 {[%clk 0:39:03]} Kg4 {[%clk 0:04:42]} 59. Ke5
{[%clk 0:39:27]} Re2 {[%clk 0:05:10]} 60. Kd4 {[%clk 0:39:47]} Kf4
{[%clk 0:05:37]} 61. Nc3 {[%clk 0:40:13]} Rd2+ {[%clk 0:06:04]} 62. Kc4
{[%clk 0:40:39]} Ke5 {[%clk 0:06:27]} 63. Nb5 {[%clk 0:41:03]} Rd8
{[%clk 0:06:49]} 64. Nc3 {[%clk 0:41:25]} Rd4+ {[%clk 0:07:16]} 65. Kc5
{[%clk 0:41:48]} Rh4 {[%clk 0:07:42]} 66. Nb5 {[%clk 0:42:10]} Rh1
{[%clk 0:08:04]} 67. Nc3 {[%clk 0:42:37]} Rc1 {[%clk 0:08:32]} 68. Kc4
{[%clk 0:43:05]} Rxc3+ {[%clk 0:08:57]} 69. Kxc3 1/2-1/2

[Event "8e Open de Porticcio"]
[Site "?"]
[Date "2023.07.04"]
[Round "3.4"]
[White "Razafindratsima, Timothe"]
[Black "Celik, Hasan Huseyin"]
[Result "1/2-1/2"]
[BlackElo "2405"]
[WhiteElo "2446"]
[LiveChessVersion "1.4.6"]

1. e4 {[%clk 1:30:58]} e6 {[%clk 1:28:57]} 2. d4 {[%clk 1:31:19]} d5
{[%clk 1:29:20]} 3. e5 {[%clk 1:31:44]} c5 {[%clk 1:29:44]} 4. c3
{[%clk 1:32:11]} Qb6 {[%clk 1:30:09]} 5. Nf3 {[%clk 1:32:32]} Bd7
{[%clk 1:30:35]} 6. Be2 {[%clk 1:31:56]} Bb5 {[%clk 1:31:02]} 7. dxc5
{[%clk 1:31:45]} Bxc5 {[%clk 1:28:46]} 8. b4 {[%clk 1:32:09]} Bf8
{[%clk 1:26:49]} 9. Bxb5+ {[%clk 1:26:45]} Qxb5 {[%clk 1:27:13]} 10. a4
{[%clk 1:27:11]} Qd7 {[%clk 1:27:27]} 11. O-O {[%clk 1:26:15]} Nc6
{[%clk 1:27:23]} 12. Nbd2 {[%clk 1:22:51]} Nge7 {[%clk 1:26:57]} 13. Nb3
{[%clk 1:21:53]} Ng6 {[%clk 1:26:24]} 14. Re1 {[%clk 1:22:18]} Qc7
{[%clk 1:26:43]} 15. Qe2 {[%clk 1:15:57]} Be7 {[%clk 1:24:38]} 16. h4
{[%clk 1:10:39]} h6 {[%clk 1:13:07]} 17. g3 {[%clk 1:05:46]} Nf8 {[%clk 1:09:56]}
18. Bd2 {[%clk 0:43:11]} Nd7 {[%clk 1:07:22]} 19. c4 {[%clk 0:39:21]} Nb6
{[%clk 1:02:00]} 20. cxd5 {[%clk 0:36:42]} Nxd5 {[%clk 1:02:00]} 21. b5
{[%clk 0:37:08]} Ncb4 {[%clk 0:54:25]} 22. Rec1 {[%clk 0:36:51]} Qd7
{[%clk 0:54:36]} 23. Nc5 {[%clk 0:28:02]} Bxc5 {[%clk 0:54:54]} 24. Rxc5
{[%clk 0:28:31]} a5 {[%clk 0:52:13]} 25. Qe4 {[%clk 0:15:50]} O-O
{[%clk 0:50:09]} 26. Qg4 {[%clk 0:13:56]} f5 {[%clk 0:48:38]} 27. exf6
{[%clk 0:13:58]} Rxf6 {[%clk 0:49:05]} 28. Ne5 {[%clk 0:10:46]} Qd6
{[%clk 0:47:36]} 29. Qd4 {[%clk 0:11:09]} b6 {[%clk 0:45:03]} 30. Rc4
{[%clk 0:11:00]} Raf8 {[%clk 0:41:54]} 31. f4 {[%clk 0:10:58]} Rd8
{[%clk 0:36:54]} 32. Rac1 {[%clk 0:10:16]} Nxf4 {[%clk 0:31:30]} 33. Qxd6
{[%clk 0:10:42]} Ne2+ {[%clk 0:31:58]} 34. Kg2 {[%clk 0:11:08]} Rxd6
{[%clk 0:32:21]} 35. Bxb4 {[%clk 0:11:35]} axb4 {[%clk 0:32:49]} 36. R1c2
{[%clk 0:12:00]} Nd4 {[%clk 0:33:06]} 37. Rb2 {[%clk 0:08:53]} b3
{[%clk 0:28:12]} 38. Rc8+ {[%clk 0:08:36]} Rf8 {[%clk 0:28:29]} 39. Rxf8+
{[%clk 0:09:01]} Kxf8 {[%clk 0:28:58]} 40. Nc4 {[%clk 0:09:24]} Rd7
{[%clk 0:29:18]} 41. Rd2 {[%clk 0:08:22]} Ke8 {[%clk 0:24:16]} 42. Kf2
{[%clk 0:04:53]} Rf7+ {[%clk 0:19:14]} 43. Ke3 {[%clk 0:04:38]} Nc2+
{[%clk 0:19:23]} 44. Ke4 {[%clk 0:05:03]} Rc7 {[%clk 0:19:30]} 45. Nb2
{[%clk 0:04:30]} Na3 {[%clk 0:18:20]} 46. Rd3 {[%clk 0:02:51]} Nc4
{[%clk 0:18:24]} 47. Rc3 {[%clk 0:03:17]} Nd2+ {[%clk 0:13:39]} 48. Kd3
{[%clk 0:03:34]} Rd7+ {[%clk 0:14:08]} 49. Ke3 {[%clk 0:03:43]} Nf1+
{[%clk 0:14:36]} 50. Ke2 {[%clk 0:04:05]} Nd2 {[%clk 0:15:04]} 51. Ke3
{[%clk 0:04:31]} Nf1+ {[%clk 0:15:31]} 52. Ke2 {[%clk 0:04:59]} Nd2
{[%clk 0:15:58]} 1/2-1/2

[Event "8e Open de Porticcio"]
[Site "?"]
[Date "2023.07.04"]
[Round "3.5"]
[White "Makkar, Rajat"]
[Black "Carnicelli, Valerio"]
[Result "0-1"]
[BlackElo "2344"]
[WhiteElo "2419"]
[LiveChessVersion "1.4.6"]

1. d4 {[%clk 1:30:49]} Nf6 {[%clk 1:30:56]} 2. c4 {[%clk 1:31:12]} g6
{[%clk 1:31:22]} 3. Nc3 {[%clk 1:31:36]} Bg7 {[%clk 1:31:48]} 4. e4
{[%clk 1:32:01]} d6 {[%clk 1:32:15]} 5. h4 {[%clk 1:32:25]} Nc6 {[%clk 1:31:59]}
6. d5 {[%clk 1:32:48]} Ne5 {[%clk 1:32:08]} 7. Be2 {[%clk 1:32:57]} h5
{[%clk 1:27:42]} 8. Nf3 {[%clk 1:33:00]} Nxf3+ {[%clk 1:25:59]} 9. gxf3
{[%clk 1:33:24]} e5 {[%clk 1:24:31]} 10. dxe6 {[%clk 1:31:32]} Bxe6
{[%clk 1:24:19]} 11. Bg5 {[%clk 1:28:28]} Qd7 {[%clk 1:20:53]} 12. Qd4
{[%clk 1:27:49]} O-O {[%clk 1:17:01]} 13. Bxf6 {[%clk 1:25:36]} c5
{[%clk 1:17:26]} 14. Qd3 {[%clk 1:24:40]} Bxf6 {[%clk 1:17:48]} 15. f4
{[%clk 1:24:43]} b5 {[%clk 1:06:53]} 16. cxb5 {[%clk 1:18:33]} d5
{[%clk 0:53:23]} 17. e5 {[%clk 0:53:42]} Bg7 {[%clk 0:53:30]} 18. Rg1
{[%clk 0:50:37]} d4 {[%clk 0:45:29]} 19. Ne4 {[%clk 0:49:44]} c4 {[%clk 0:44:14]}
20. Qg3 {[%clk 0:47:16]} Qxb5 {[%clk 0:39:05]} 21. Rd1 {[%clk 0:40:35]} Qxb2
{[%clk 0:37:36]} 22. Bxh5 {[%clk 0:39:10]} d3 {[%clk 0:32:42]} 23. Kf1
{[%clk 0:33:55]} Bd5 {[%clk 0:24:25]} 24. Rd2 {[%clk 0:30:15]} Qb1+
{[%clk 0:21:14]} 25. Rd1 {[%clk 0:30:39]} Qxa2 {[%clk 0:21:40]} 26. Nc3
{[%clk 0:28:11]} Qa5 {[%clk 0:21:12]} 27. Nxd5 {[%clk 0:27:25]} Qxd5
{[%clk 0:21:39]} 28. Bf3 {[%clk 0:27:49]} Qe6 {[%clk 0:19:29]} 29. Be4
{[%clk 0:26:08]} Rad8 {[%clk 0:17:09]} 30. h5 {[%clk 0:26:18]} Rd4
{[%clk 0:14:26]} 31. Qe3 {[%clk 0:24:07]} Rxe4 {[%clk 0:13:14]} 32. Qxe4
{[%clk 0:24:30]} Qh3+ {[%clk 0:13:35]} 33. Ke1 {[%clk 0:24:32]} Qxh5
{[%clk 0:13:06]} 34. Rg5 {[%clk 0:23:06]} Qh4 {[%clk 0:07:51]} 35. Qxc4
{[%clk 0:22:09]} Qh1+ {[%clk 0:07:09]} 36. Kd2 {[%clk 0:22:38]} Qf3
{[%clk 0:07:31]} 37. Kc1 {[%clk 0:22:39]} Qb7 {[%clk 0:06:00]} 38. Qxd3
{[%clk 0:21:08]} Qb4 {[%clk 0:05:18]} 39. Rd2 {[%clk 0:19:40]} Qxf4
{[%clk 0:05:29]} 40. Rg3 {[%clk 0:18:12]} Qxe5 {[%clk 0:05:33]} 41. Kd1
{[%clk 0:17:39]} Bh6 {[%clk 0:04:16]} 42. Ra2 {[%clk 0:17:03]} Re8
{[%clk 0:04:02]} 43. Rg1 {[%clk 0:12:22]} Rc8 {[%clk 0:04:19]} 44. f4
{[%clk 0:10:26]} Bxf4 {[%clk 0:01:59]} 45. Rxg6+ {[%clk 0:10:05]} fxg6
{[%clk 0:01:39]} 46. Rc2 {[%clk 0:09:25]} Qh5+ {[%clk 0:01:40]} 0-1

[Event "8e Open de Porticcio"]
[Site "?"]
[Date "2023.07.04"]
[Round "3.6"]
[White "Aarav Dengla"]
[Black "Msellek, Ilyass"]
[Result "1/2-1/2"]
[BlackElo "2417"]
[WhiteElo "2343"]
[LiveChessVersion "1.4.6"]

1. e4 {[%clk 1:30:57]} c5 {[%clk 1:30:12]} 2. Nf3 {[%clk 1:31:11]} e6
{[%clk 1:30:34]} 3. d4 {[%clk 1:31:23]} cxd4 {[%clk 1:30:57]} 4. Nxd4
{[%clk 1:31:47]} Nf6 {[%clk 1:31:20]} 5. Nc3 {[%clk 1:32:11]} Nc6
{[%clk 1:31:44]} 6. Nxc6 {[%clk 1:32:11]} bxc6 {[%clk 1:32:09]} 7. e5
{[%clk 1:32:33]} Nd5 {[%clk 1:32:35]} 8. Ne4 {[%clk 1:32:56]} Qc7
{[%clk 1:32:45]} 9. f4 {[%clk 1:33:19]} Qb6 {[%clk 1:29:25]} 10. c4
{[%clk 1:33:41]} Ne3 {[%clk 1:29:21]} 11. Qd3 {[%clk 1:22:18]} Bb4+
{[%clk 1:19:56]} 12. Bd2 {[%clk 1:11:41]} Ba6 {[%clk 1:18:33]} 13. b3
{[%clk 0:53:37]} O-O {[%clk 1:14:14]} 14. Rc1 {[%clk 0:51:44]} Nxf1
{[%clk 0:51:51]} 15. Rxf1 {[%clk 0:51:09]} Bxd2+ {[%clk 0:51:50]} 16. Kxd2
{[%clk 0:45:42]} c5 {[%clk 0:37:54]} 17. Rf3 Qa5+ {[%clk 0:26:40]} 18. Kd1
{[%clk 0:36:49]} Rfd8 {[%clk 0:07:07]} 19. Nf6+ {[%clk 0:10:38]} gxf6
{[%clk 0:07:29]} 20. Rh3 {[%clk 0:10:54]} d6 {[%clk 0:06:54]} 21. Qxh7+
{[%clk 0:08:27]} Kf8 {[%clk 0:07:22]} 22. exf6 {[%clk 0:05:04]} Ke8
{[%clk 0:07:46]} 23. Qg8+ {[%clk 0:04:54]} Kd7 {[%clk 0:08:14]} 24. Qxf7+
{[%clk 0:05:21]} Kc6 {[%clk 0:08:25]} 25. Rc2 {[%clk 0:03:48]} Rd7
{[%clk 0:03:41]} 26. Qxe6 {[%clk 0:03:31]} Rf8 {[%clk 0:01:41]} 27. g4
{[%clk 0:02:59]} Qd8 {[%clk 0:01:04]} 28. g5 {[%clk 0:03:12]} Re8
{[%clk 0:01:24]} 29. Qd5+ {[%clk 0:02:20]} Kb6 {[%clk 0:01:33]} 30. b4
{[%clk 0:01:13]} Kc7 {[%clk 0:00:39]} 31. f7 {[%clk 0:00:43]} Rf8
{[%clk 0:00:41]} 32. Rh7 {[%clk 0:00:48]} Bb7 {[%clk 0:01:00]} 33. Qd3
{[%clk 0:00:38]} Rfxf7 {[%clk 0:00:39]} 34. Rxf7 {[%clk 0:00:52]} Rxf7
{[%clk 0:01:08]} 35. bxc5 {[%clk 0:00:47]} Rd7 {[%clk 0:00:39]} 36. c6
{[%clk 0:00:39]} Bxc6 {[%clk 0:01:00]} 37. Rb2 {[%clk 0:00:46]} Qh8
{[%clk 0:01:03]} 38. Qa3 {[%clk 0:00:36]} Qd4+ {[%clk 0:01:26]} 39. Rd2
{[%clk 0:00:39]} Qa1+ {[%clk 0:01:20]} 40. Kc2 {[%clk 0:00:39]} Be4+
{[%clk 0:01:12]} 41. Kb3 {[%clk 0:01:02]} Kc8 {[%clk 0:01:10]} 42. Rxd6
{[%clk 0:00:35]} Rb7+ {[%clk 0:00:39]} 43. Ka4 {[%clk 0:01:00]} Qh8
{[%clk 0:00:31]} 44. Qc5+ {[%clk 0:00:43]} Rc7 {[%clk 0:00:35]} 45. Qd4
{[%clk 0:01:04]} Qe8+ {[%clk 0:00:54]} 46. Ka3 {[%clk 0:01:07]} Bc2
{[%clk 0:00:46]} 47. Kb2 {[%clk 0:00:41]} Bf5 {[%clk 0:00:49]} 48. Kc3
{[%clk 0:00:38]} Qe1+ {[%clk 0:01:08]} 49. Qd2 {[%clk 0:00:57]} Qa1+
{[%clk 0:01:27]} 50. Kb3 {[%clk 0:00:55]} Bd7 {[%clk 0:00:48]} 51. g6
{[%clk 0:00:47]} Rb7+ {[%clk 0:01:05]} 52. Ka3 {[%clk 0:01:10]} Qg1
{[%clk 0:01:28]} 53. Rd5 {[%clk 0:00:47]} Qxg6 {[%clk 0:01:21]} 54. Rc5+
{[%clk 0:00:59]} Kb8 {[%clk 0:01:21]} 55. f5 {[%clk 0:00:35]} Qf6
{[%clk 0:01:00]} 56. Rd5 {[%clk 0:00:33]} Qc6 {[%clk 0:00:43]} 57. Rb5
{[%clk 0:00:34]} Qa6+ {[%clk 0:00:33]} 58. Kb3 {[%clk 0:00:38]} Rxb5+
{[%clk 0:00:33]} 59. cxb5 {[%clk 0:01:06]} Qxb5+ {[%clk 0:00:58]} 60. Qb4
{[%clk 0:01:29]} Qxb4+ {[%clk 0:01:15]} 61. Kxb4 {[%clk 0:01:58]} Bxf5
{[%clk 0:01:37]} 62. h4 {[%clk 0:02:25]} Bg6 {[%clk 0:02:02]} 63. h5
{[%clk 0:02:51]} Bxh5 {[%clk 0:02:28]} 64. a4 {[%clk 0:03:20]} Be2
{[%clk 0:01:51]} 65. a5 {[%clk 0:03:47]} Kc7 {[%clk 0:02:01]} 66. a6
{[%clk 0:04:03]} Kb6 {[%clk 0:02:29]} 67. Kb3 {[%clk 0:04:29]} Ka5
{[%clk 0:02:54]} 68. Kb2 {[%clk 0:04:54]} Bxa6 {[%clk 0:03:20]} 69. Ka1
{[%clk 0:05:19]} Bc4 {[%clk 0:03:46]} 70. Kb2 {[%clk 0:05:45]} Kb4
{[%clk 0:04:13]} 71. Ka1 {[%clk 0:06:11]} Ka3 {[%clk 0:04:38]} 72. Kb1
{[%clk 0:06:36]} Bd5 {[%clk 0:05:05]} 73. Ka1 {[%clk 0:07:00]} Ba2
{[%clk 0:05:31]} 1/2-1/2

[Event "8e Open de Porticcio"]
[Site "?"]
[Date "2023.07.04"]
[Round "3.7"]
[White "Fedorchuk, Sergey A."]
[Black "Piscopo, Pierluigi"]
[Result "1-0"]
[BlackElo "2331"]
[WhiteElo "2589"]
[LiveChessVersion "1.4.6"]

1. e4 c5 2. Nf3 Nc6 3. Bb5 e5 4. O-O Nge7 5. c3 g6 6. d4 cxd4 7. cxd4 exd4 8. Bf4
Bg7 9. Bd6 O-O 10. a4 b6 11. Nbd2 Bb7 12. Bc4 Na5 13. Ba2 Ba6 14. Re1 Nb7 15. Ba3
Nc5 16. Nc4 d5 17. exd5 Nxd5 18. Nce5 Nf4 19. b4 Ncd3 20. Nxd3 Bxd3 21. b5 Qf6
22. Be7 Qf5 23. Nh4 Qd7 24. Bg5 Ne2+ 25. Kh1 Qg4 26. Qd2 h6 27. Be7 Rfe8 28. Qxd3
Rxe7 29. Nxg6 Re4 30. Bd5 Rae8 31. Bxe4 Qxe4 32. Nf4 1-0

[Event "8e Open de Porticcio"]
[Site "?"]
[Date "2023.07.04"]
[Round "3.8"]
[White "Degraeve, Remy"]
[Black "Collutiis, Duilio"]
[Result "1/2-1/2"]
[BlackElo "2341"]
[WhiteElo "2467"]
[LiveChessVersion "1.4.6"]

1. e4 {[%clk 1:30:57]} c5 {[%clk 1:30:41]} 2. Nf3 {[%clk 1:31:23]} Nc6
{[%clk 1:30:57]} 3. Bb5 {[%clk 1:31:50]} Nf6 {[%clk 1:28:45]} 4. Nc3
{[%clk 1:32:15]} e5 {[%clk 1:18:27]} 5. Bxc6 {[%clk 1:28:02]} dxc6
{[%clk 1:18:48]} 6. Nxe5 {[%clk 1:28:20]} Nxe4 {[%clk 1:10:07]} 7. Nxe4
{[%clk 1:26:43]} Qd4 {[%clk 1:10:22]} 8. O-O {[%clk 1:15:03]} Qxe5
{[%clk 1:10:38]} 9. d4 {[%clk 1:12:19]} cxd4 {[%clk 1:08:59]} 10. Re1
{[%clk 1:12:10]} Be6 {[%clk 1:06:31]} 11. Ng5 {[%clk 1:05:16]} Qd5
{[%clk 1:05:40]} 12. Qg4 {[%clk 1:04:10]} h5 {[%clk 1:02:28]} 13. Qh3
{[%clk 0:46:02]} Kd7 {[%clk 1:00:41]} 14. Nxe6 {[%clk 0:45:46]} fxe6
{[%clk 1:01:07]} 15. Bf4 {[%clk 0:45:41]} Qf5 {[%clk 0:57:39]} 16. Qxf5
{[%clk 0:38:55]} exf5 {[%clk 0:57:42]} 17. Rad1 {[%clk 0:38:11]} c5
{[%clk 0:57:57]} 18. c3 {[%clk 0:35:25]} Bd6 {[%clk 0:55:26]} 19. Bxd6
{[%clk 0:35:50]} Kxd6 {[%clk 0:55:48]} 20. cxd4 {[%clk 0:36:16]} Rhe8
{[%clk 0:53:44]} 21. dxc5+ {[%clk 0:34:17]} Kxc5 {[%clk 0:54:11]} 22. Kf1
{[%clk 0:34:16]} Rxe1+ {[%clk 0:54:00]} 23. Rxe1 {[%clk 0:34:45]} Kd6
{[%clk 0:54:21]} 24. Rd1+ {[%clk 0:35:12]} Ke6 {[%clk 0:54:47]} 25. Rc1
{[%clk 0:35:37]} Kd6 {[%clk 0:55:14]} 26. Ke2 {[%clk 0:35:59]} Re8+
{[%clk 0:55:30]} 27. Kd3 {[%clk 0:35:29]} g6 {[%clk 0:50:44]} 28. Kd2
{[%clk 0:34:09]} Kd7 {[%clk 0:50:55]} 29. Rc3 {[%clk 0:34:32]} Re6
{[%clk 0:51:11]} 30. Rd3+ {[%clk 0:34:18]} Kc6 {[%clk 0:50:46]} 31. Re3
{[%clk 0:34:26]} Kd5 {[%clk 0:51:10]} 32. h4 {[%clk 0:31:58]} Re4
{[%clk 0:49:23]} 33. g3 {[%clk 0:30:20]} Rxe3 {[%clk 0:48:59]} 34. Kxe3
{[%clk 0:30:48]} Ke5 {[%clk 0:49:19]} 35. b4 {[%clk 0:26:58]} b5 {[%clk 0:47:07]}
36. Kf3 {[%clk 0:25:07]} Ke6 {[%clk 0:39:02]} 37. Kf4 {[%clk 0:25:33]} Kf6
{[%clk 0:39:28]} 38. a3 {[%clk 0:25:10]} a6 {[%clk 0:39:50]} 39. Kf3
{[%clk 0:24:31]} Ke6 {[%clk 0:39:49]} 40. Ke2 {[%clk 0:24:39]} Kd6
{[%clk 0:37:46]} 41. Kd2 {[%clk 0:24:05]} Ke6 {[%clk 0:37:50]} 42. Ke3
{[%clk 0:24:31]} Ke5 {[%clk 0:38:17]} 43. Kf3 {[%clk 0:24:48]} Ke6
{[%clk 0:38:35]} 44. Kf4 {[%clk 0:25:14]} Kf6 {[%clk 0:38:59]} 45. Ke3
{[%clk 0:24:56]} Ke5 {[%clk 0:39:20]} 46. Kf3 {[%clk 0:25:19]} 1/2-1/2

[Event "8e Open de Porticcio"]
[Site "?"]
[Date "2023.07.01"]
[Round "4.1"]
[White "Carnicelli, Valerio"]
[Black "Krasenkow, Michal"]
[Result "0-1"]
[BlackElo "2524"]
[WhiteElo "2344"]
[LiveChessVersion "1.4.6"]

1. e4 {[%clk 1:30:43]} g6 {[%clk 1:30:55]} 2. d4 {[%clk 1:31:09]} Bg7
{[%clk 1:31:20]} 3. Nc3 {[%clk 1:31:35]} c6 {[%clk 1:31:46]} 4. h3
{[%clk 1:32:01]} d6 {[%clk 1:31:27]} 5. a4 {[%clk 1:32:24]} Nf6 {[%clk 1:31:46]}
6. Nf3 {[%clk 1:32:35]} O-O {[%clk 1:32:03]} 7. Bd3 {[%clk 1:29:03]} a5
{[%clk 1:31:52]} 8. O-O {[%clk 1:28:15]} Na6 {[%clk 1:32:08]} 9. Re1
{[%clk 1:24:25]} Nb4 {[%clk 1:32:26]} 10. Bf1 {[%clk 1:24:45]} e5
{[%clk 1:31:36]} 11. Bg5 {[%clk 1:14:36]} exd4 {[%clk 1:20:23]} 12. Nxd4
{[%clk 1:14:29]} h6 {[%clk 1:20:47]} 13. Bh4 {[%clk 1:02:45]} Qb6
{[%clk 1:19:18]} 14. Nf3 {[%clk 0:51:19]} Rd8 {[%clk 1:06:55]} 15. Qd2
{[%clk 0:49:02]} g5 {[%clk 1:07:06]} 16. Bg3 {[%clk 0:47:29]} d5 {[%clk 1:07:09]}
17. Rad1 {[%clk 0:43:34]} Bxh3 {[%clk 1:02:44]} 18. gxh3 {[%clk 0:29:08]} dxe4
{[%clk 0:45:04]} 19. Nd4 {[%clk 0:29:10]} Nh5 {[%clk 0:45:10]} 20. Rxe4
{[%clk 0:26:03]} Nxg3 {[%clk 0:43:11]} 21. fxg3 {[%clk 0:26:29]} f5
{[%clk 0:37:24]} 22. Bc4+ {[%clk 0:25:56]} Kh8 {[%clk 0:36:32]} 23. Re6
{[%clk 0:18:32]} Qxd4+ {[%clk 0:36:29]} 24. Qxd4 {[%clk 0:18:58]} Bxd4+
{[%clk 0:36:53]} 25. Kf1 {[%clk 0:15:46]} Nxc2 {[%clk 0:36:27]} 26. Ke2
{[%clk 0:12:56]} Bg7 {[%clk 0:30:49]} 27. Re7 {[%clk 0:13:04]} Nd4+
{[%clk 0:29:32]} 28. Kf2 {[%clk 0:12:22]} Rab8 {[%clk 0:27:25]} 29. Rde1
{[%clk 0:06:27]} b5 {[%clk 0:26:50]} 30. axb5 {[%clk 0:04:53]} cxb5
{[%clk 0:27:09]} 31. Ba2 {[%clk 0:04:26]} b4 {[%clk 0:26:52]} 32. Na4
{[%clk 0:04:21]} b3 {[%clk 0:23:52]} 33. Bb1 {[%clk 0:04:49]} Nc2
{[%clk 0:24:11]} 34. R1e2 {[%clk 0:04:26]} Rb4 {[%clk 0:13:56]} 35. Nc3
{[%clk 0:04:53]} a4 {[%clk 0:13:00]} 36. Rc7 {[%clk 0:04:43]} a3 {[%clk 0:06:16]}
37. Ree7 {[%clk 0:02:36]} Bd4+ {[%clk 0:02:22]} 38. Kf1 {[%clk 0:00:46]} axb2
{[%clk 0:02:49]} 39. Nd5 {[%clk 0:00:35]} Rb5 {[%clk 0:03:05]} 40. Rh7+
{[%clk 0:00:32]} Kg8 {[%clk 0:03:34]} 41. Ne7+ {[%clk 0:00:33]} Kxh7
{[%clk 0:04:01]} 42. Nc6+ {[%clk 0:00:55]} Kg8 {[%clk 0:03:24]} 43. Nxd8
{[%clk 0:01:18]} Ra5 {[%clk 0:03:37]} 0-1

[Event "8e Open de Porticcio"]
[Site "?"]
[Date "2023.07.01"]
[Round "4.2"]
[White "Celik, Hasan Huseyin"]
[Black "Fedorchuk, Sergey A."]
[Result "0-1"]
[BlackElo "2589"]
[WhiteElo "2405"]
[LiveChessVersion "1.4.6"]

1. e4 {[%clk 1:30:25]} c5 {[%clk 1:28:50]} 2. Nf3 {[%clk 1:30:49]} d6
{[%clk 1:28:29]} 3. d4 {[%clk 1:31:00]} cxd4 {[%clk 1:28:45]} 4. Nxd4
{[%clk 1:31:27]} Nf6 {[%clk 1:29:01]} 5. Nc3 {[%clk 1:31:41]} Bd7
{[%clk 1:29:20]} 6. Bg5 {[%clk 1:30:26]} e6 {[%clk 1:29:11]} 7. Qd2
{[%clk 1:29:24]} a6 {[%clk 1:28:14]} 8. f3 {[%clk 1:22:30]} h6 {[%clk 1:25:17]}
9. Be3 {[%clk 1:22:50]} b5 {[%clk 1:25:37]} 10. g4 {[%clk 1:19:31]} Qc7
{[%clk 1:21:31]} 11. O-O-O {[%clk 1:16:46]} Nc6 {[%clk 1:18:41]} 12. a3
{[%clk 0:55:35]} b4 {[%clk 1:13:07]} 13. axb4 {[%clk 0:55:38]} Nxb4
{[%clk 1:13:20]} 14. h4 {[%clk 0:52:01]} Rb8 {[%clk 1:12:01]} 15. Kb1
{[%clk 0:52:17]} d5 {[%clk 0:37:49]} 16. e5 {[%clk 0:51:45]} Ng8 {[%clk 0:38:15]}
17. f4 {[%clk 0:51:48]} h5 {[%clk 0:38:05]} 18. f5 {[%clk 0:49:38]} hxg4
{[%clk 0:38:30]} 19. fxe6 {[%clk 0:49:54]} Bxe6 {[%clk 0:38:28]} 20. Be2
{[%clk 0:45:17]} Nh6 {[%clk 0:38:28]} 21. Rhg1 {[%clk 0:42:56]} Qb7
{[%clk 0:31:52]} 22. b3 {[%clk 0:39:06]} Nc6 {[%clk 0:29:58]} 23. Nxc6
{[%clk 0:22:44]} Qxc6 {[%clk 0:30:01]} 24. Nxd5 {[%clk 0:23:12]} Bc5
{[%clk 0:28:29]} 25. Qc3 {[%clk 0:21:16]} Rc8 {[%clk 0:28:45]} 26. Bxc5
{[%clk 0:17:49]} Qxc5 {[%clk 0:29:10]} 27. Qxc5 {[%clk 0:18:14]} Rxc5
{[%clk 0:29:37]} 28. Nf4 {[%clk 0:18:16]} Rxe5 {[%clk 0:18:00]} 29. Bxa6
{[%clk 0:17:48]} Ke7 {[%clk 0:13:08]} 30. Bd3 {[%clk 0:15:34]} Rd8
{[%clk 0:05:34]} 31. Rde1 {[%clk 0:06:26]} Kf6 {[%clk 0:05:11]} 32. Ref1
{[%clk 0:06:49]} Bf5 {[%clk 0:04:20]} 33. Kc1 {[%clk 0:06:42]} Bxd3
{[%clk 0:03:50]} 34. Nxd3+ {[%clk 0:07:11]} Rf5 {[%clk 0:04:13]} 35. Rxf5+
{[%clk 0:07:29]} Kxf5 {[%clk 0:04:15]} 36. Kd2 {[%clk 0:07:52]} Kg6
{[%clk 0:04:10]} 37. c4 {[%clk 0:06:36]} Kh5 {[%clk 0:04:33]} 38. c5
{[%clk 0:05:26]} Nf5 {[%clk 0:04:56]} 39. b4 {[%clk 0:05:29]} Nd4
{[%clk 0:03:38]} 40. Rb1 {[%clk 0:02:16]} g3 {[%clk 0:01:41]} 41. Ne1
{[%clk 0:01:42]} Kg4 {[%clk 0:00:46]} 42. Ke3 {[%clk 0:01:02]} f5
{[%clk 0:00:43]} 43. Ng2 {[%clk 0:01:06]} Nc2+ {[%clk 0:00:55]} 44. Ke2
{[%clk 0:01:34]} f4 {[%clk 0:01:18]} 45. Nxf4 {[%clk 0:00:50]} Kxf4
{[%clk 0:01:44]} 46. b5 {[%clk 0:01:16]} Nd4+ {[%clk 0:01:29]} 47. Kf1
{[%clk 0:01:46]} Kf3 {[%clk 0:01:54]} 48. c6 {[%clk 0:01:28]} g2+
{[%clk 0:02:10]} 49. Kg1 {[%clk 0:01:58]} Ne2+ {[%clk 0:02:30]} 50. Kh2
{[%clk 0:02:27]} Rd4 {[%clk 0:02:31]} 51. Kh3 {[%clk 0:02:28]} g1=N+
{[%clk 0:02:44]} 0-1